Clubs de la Ligue 1 au National 2 (2024-2025) - Statistiques

Statistiques générales
  • Ce quiz a été pris 190 fois
  • Le résultat moyen est 52 sur 101
Statistiques - réponses
% Correct
Ligue 1 AS Monaco
98%
Ligue 1 Olympique de Marseille
98%
Ligue 1 OGC Nice
97%
Ligue 1 Olympique Lyonnais
97%
Ligue 1 FC Nantes
96%
Ligue 1 LOSC
95%
Ligue 1 Paris Saint-Germain
95%
Ligue 1 RC Strasbourg Alsace
94%
Ligue 1 Stade Rennais
94%
Ligue 1 RC Lens
92%
Ligue 1 AS Saint-Étienne
91%
National 2.B Girondins de Bordeaux
91%
Ligue 1 Montpellier
90%
Ligue 1 Toulouse
89%
Ligue 1 Stade Brestois
88%
Ligue 1 SCO Angers
87%
Ligue 1 Stade de Reims
86%
Ligue 2 FC Lorient
84%
Ligue 2 Paris FC
84%
Ligue 1 AJ Auxerre
83%
Ligue 2 FC Metz
83%
Ligue 1 Le Havre
82%
Ligue 2 AC Ajaccio
81%
Ligue 2 SC Bastia
78%
Ligue 2 SM Caen
78%
Ligue 2 USL Dunkerque
78%
National AS Nancy
76%
Ligue 2 Clermont
76%
Ligue 2 Red Star
74%
Ligue 2 Amiens
73%
National FC Rouen
73%
National Nîmes Olympique
73%
National Dijon FCO
72%
Ligue 2 Pau FC
72%
Ligue 2 En Avant Guingamp
71%
Ligue 2 ESTAC
70%
Ligue 2 Grenoble
69%
National Le Mans
68%
National FC Sochaux
67%
National Valenciennes
67%
Ligue 2 FC Annecy
66%
Ligue 2 Stade Lavallois
66%
National US Orléans
65%
National 2.A AS Cannes
63%
Ligue 2 Rodez
63%
Ligue 2 FC Martigues
61%
National QRM
60%
National LB Châteauroux
58%
National 2.A SC Toulon
58%
National Bourg-Péronnas
53%
National US Boulogne
53%
National FC Versailles
49%
National 2.A Le Puy FC
42%
National US Concarneau
42%
National FC Villefranche-Beaujolais
40%
National 2.A GOAL FC
40%
National 2.B La Roche VF
39%
National 2.B Stade Poitevin
39%
National Aubagne FC
38%
National Paris 13 Atlético
38%
National 2.B US Saint-Malo
38%
National 2.A Istres FC
37%
National 2.B Stade Briochin
35%
National 2.A Bergerac FC
32%
National 2.A Angoulême Charente
31%
National 2.A Hyères FC
31%
National 2.B Les Herbiers VF
31%
National 2.C SAS Epinal
31%
National 2.B Blois Foot 41
29%
National 2.B US Avranches
28%
National 2.C US Créteil Lusitanos
28%
National 2.C FC93
27%
National 2.C AS Beauvais
26%
National 2.B Bourges Foot 19
26%
National 2.A Etoile Frejus Saint-Raphaël
26%
National 2.A AS Saint-Priest
23%
National 2.A Andrézieux-Bouthéon
22%
National 2.A Marignane GCBFC
22%
National 2.A Pays de Grasse
22%
National 2.C FC Chambly Oise
21%
National 2.B US Granville
21%
National 2.C FC Fleury 91
20%
National 2.A Jura Sud
20%
National 2.C US Thionville Lusitanos
20%
National 2.B Voltigeurs de Châteaubriant
18%
National 2.B Olympique de Saumur
17%
National 2.B Dinan-Léhon FC
16%
National 2.B Saint-Pryvé Saint-Hilaire
16%
National 2.C AS Furiani-Agliani
15%
National 2.A Les Genêts d'Anglet
15%
National 2.B Poiré VF
14%
National 2.B Saint-Colomban Locminé
14%
National 2.C Wasquehal
14%
National 2.C FCM Aubervilliers
13%
National 2.C Haguenau
13%
National 2.A GFA Rumilly-Vallières
11%
National 2.C Biesheim
9%
National 2.C US Chantilly
9%
National 2.C AS Villers Houlgate
8%
National 2.C Entente Feignies Aulnoye
8%
National 2.C FC Balagne
8%
Aucun quiz correspondant
Distribution des résultats
% des personnes avec chaque résultat
Percentile par nombre de réponses
Votre historique - résultats
Vous n’avez pas pris ce quiz